All Gym Leader, Elite Four members, Champions, Challengers, Trial Captains and Kahunas. - Statistics

General Stats
  • This quiz has been taken 487 times
    213 since last reset
  • The average score is 86 of 141
Answer Stats
Type Generation Trainer % Correct
Water I Misty
98%
Rock I Brock
97%
Electric I Lt. Surge
94%
Varies I | II Blue
92%
Poison I | II Koga
90%
Varies IV Cynthia
88%
Grass I Erika
88%
Ground I Giovanni
88%
Psychic I Sabrina
87%
Dragon I | II Lance
86%
Fire I Blaine
85%
Dragon V Iris
84%
Normal III Norman
81%
Water III (E) | III (RS) Wallace
81%
Bug II Bugsy
80%
Varies II Red
80%
Steel III (RS) Steven
80%
Psychic III Tate
77%
Normal II Whitney
76%
Fighting III Brawly
75%
Fire III Flannery
75%
Psychic III Liza
75%
Ghost I Agatha
74%
Flying II Falkner
74%
Varies VI Diantha
73%
Steel II Jasmine
73%
Rock III Roxanne
73%
Electric IV Volkner
73%
Flying III Winona
73%
Fighting I | II Bruno
72%
Water IV Crasher Wake
72%
Water III (E) Juan
72%
Ghost II Morty
71%
Dragon II Clair
70%
Varies VIII Leon
70%
Electric III Wattson
70%
Fighting II Chuck
68%
Rock IV Roark
68%
Ice II Pryce
67%
Varies V Alder
66%
Ice IV Candice
66%
Flying V Skyla
66%
Grass V Cilan
65%
Electric V Elesa
65%
Ghost IV Fantina
65%
Ice I Lorelei
65%
Dragon III Drake
64%
Grass IV Gardenia
64%
Varies VII Kukui
64%
Ground V Clay
63%
Varies VII Hau
63%
Poison II Janine
63%
Dark II Karen
63%
Bug VI Viola
63%
Flying | Normal IX Larry
62%
Fighting IV Maylene
62%
Dark III Sidney
62%
Psychic II Will
62%
Fighting VI Korrina
61%
Rock VII | VII (Akala) Olivia
61%
Poison V Roxie
61%
Ice VI Wulfric
61%
Bug V Burgh
60%
Steel IV Byron
60%
Water V Cress
60%
Dragon V Drayden
60%
Ghost III Phoebe
60%
Bug IV Aaron
59%
Ground IV Bertha
59%
Normal V Cheren
59%
Fire V Chili
59%
Electric VI Clemont
59%
Psychic VI Olympia
59%
Ice V Brycen
58%
Fire IV Flint
58%
Ice III Glacia
58%
Normal V Lenora
58%
Fighting VIII Bea
57%
Fighting VII | VII (Melemele) Hala
57%
Grass VI Ramos
57%
Rock VI Grant
56%
Ground VII | VII (Poni) Hapu
55%
Psychic IV Lucian
55%
Water VIII Nessa
55%
Fairy VI Valerie
55%
Electric IX Iono
54%
Dragon VIII Raihan
54%
Ghost VII Acerola
53%
Grass VII Mallow
53%
Water V Marlon
53%
Varies IX Geeta
52%
Grass VIII Milo
52%
Electric VII Sophocles
52%
Dark VIII Piers
51%
Dark V Grimsley
50%
Fire VI Malva
50%
Fairy VIII Opal
50%
Psychic V Caitlin
49%
Dragon VI Drasna
49%
Fire VIII Kabu
49%
Water VII Lana
49%
Water VI Siebold
49%
Ghost VIII Allister
48%
Ice IX Grusha
48%
Fire VII Kiawe
48%
Fighting V Marshall
48%
Dark VII (Ula'Ula) Nanu
48%
Rock VIII Gordie
45%
Normal VII Ilima
45%
Ground IX Rika
45%
Ghost IX Ryme
45%
Ghost V Shauntal
45%
Water IX Kofu
44%
Ice VIII Melony
43%
Steel VI Wikstrom
43%
Bug IX Katy
42%
Grass IX Brassius
41%
Fairy VII Mina
41%
Steel IX Poppy
41%
Flying VII Kahili
39%
Psychic IX Tulip
38%
Steel VII Molayne
37%
Bug VII Guzma
34%
Dragon IX Hassel
34%
Varies VII Gladion
29%
Varies VII Lusamine
27%
Poison VII Plumeria
23%
Psychic VII Faba
20%
Dragon VII Ryuki
20%
Varies VII Tristan
10%
No matching quizzes found
Score Distribution
Percent of People with Each Score
Percentile by Number Answered
Your Score History
You have not taken this quiz since the last reset